Peršych šistdesjat - dobryj počatok

Bibliographic Details
Main Author: Dacko, Juraj, 1931- (Author)
Format: Article
Language:Ukrainian
PhysicalDescription:Fotogr.
ISBN:8008006730
Subjects:

MARC

LEADER 00000nab a2200000 a 4500
001 vtls010588476
003 SK-MaSNL
005 20260318114707.0
008 171110c1990 xo kr 000 c0ukr
015 |a SNBRA2014/04 
038 |a SVKPOCL 
040 |a SVKPOCL  |b slo  |c SVKPOCL  |e AACR2 
041 0 |a ukr 
044 |a xo  |c SK 
080 |a 80(=16)+908(4)  |2 2001 
080 |a 80(=161.2)+908(477)  |2 2001 
080 |a 82.0-051  |2 2001 
080 |a 37.011.3-051  |2 2001 
080 |a 929 Kováč, Fedor  |2 2001 
100 1 |a Dacko, Juraj,  |d 1931-  |4 aut  |9 192461 
245 1 0 |a Peršych šistdesjat - dobryj počatok  |c Jurij Dacko 
300 |b Fotogr. 
600 1 7 |a Kovač, Fedor,  |d 1931-2009  |2 svkpocl  |9 159710 
650 0 7 |a osobnosti  |2 snkbucl  |9 29820 
650 0 7 |a literárni vedci  |2 svkpocl  |9 220855 
650 0 7 |a pedagógovia  |2 svkpocl  |9 18561 
650 0 7 |a osobnosti  |2 svkpocl  |9 29820 
650 0 7 |a slavistika  |2 svkpocl  |9 4282 
650 0 7 |a ukrajinistika  |2 svkpocl  |9 51200 
651 7 |a Rokytovce (Krásny Brod, Slovensko)  |2 svkpocl  |9 43523 
651 7 |a Medzilaborce (Slovensko : okres)  |2 svkpocl  |9 29394 
651 7 |a Prešov (Slovensko)  |2 svkpocl  |9 17347 
655 7 |a biografie  |2 svkpocl  |9 27965 
773 0 |a Kuzyšyn, Bohdan [ed.]  |t Narodnyj kalendar 1991  |d Bratislava : Slovac'ke pedahohične vydavnyctvo ; Prjašiv : Viddil ukrajins'koji literatury ; Užhorod : Karpaty, 1990  |g S. 30-31  |z 8008006730 
852 |a SVKPO  |b KIS3GCP 
958 |a UK 
958 |a SK 
958 |a LX 
958 |a BX 
999 |c 3287721  |d 3289651